Introductory circuit analysis / (Record no. 179143)

000 -LEADER
fixed length control field 01475 a2200217 4500
003 - CONTROL NUMBER IDENTIFIER
control field Nust
005 - DATE AND TIME OF LATEST TRANSACTION
control field 20221124134221.0
010 ## - LIBRARY OF CONGRESS CONTROL NUMBER
LC control number 81082530
020 ## - INTERNATIONAL STANDARD BOOK NUMBER
International Standard Book Number 0675099382
040 ## - CATALOGING SOURCE
Transcribing agency Nust
082 00 - DEWEY DECIMAL CLASSIFICATION NUMBER
Classification number 621.38132,
100 1# - MAIN ENTRY--PERSONAL NAME
Personal name Boylestad, Robert L.
9 (RLIN) 83339
245 10 - TITLE STATEMENT
Title Introductory circuit analysis /
Statement of responsibility, etc. Robert L. Boylestad.
250 ## - EDITION STATEMENT
Edition statement 4th ed.
260 ## - PUBLICATION, DISTRIBUTION, ETC.
Place of publication, distribution, etc. Columbus, Ohio :
Name of publisher, distributor, etc. C.E. Merrill Pub. Co.,
Date of publication, distribution, etc. c1982.
300 ## - PHYSICAL DESCRIPTION
Extent xii, 788 p. :
Other physical details ill. ;
Dimensions 26 cm.
440 #0 - SERIES STATEMENT/ADDED ENTRY--TITLE
Title Merrill's international series in electrical and electronics technology
9 (RLIN) 103325
505 ## - FORMATTED CONTENTS NOTE
Formatted contents note Units and Notation (Page-1), Current and Voltage (Page-17), Resistance (Page-41), OHM,S Law Power and Energy (Page-65), Series and Parallel Circuits (Page-81), Series Parallel Networks (Page-113), Methods of Analysis and Selected Topics (dc) (Page-133), Network Theorems (Page-185), Capacitors (Page-223), Magnetic Circuits (Page-263) Inductors (Page-303), DC Instruments (Page-325), Sinusoidal Alternating Current (Page-347), Phasors (Page-397), Series and Parallel Circuits (Page-419), Series Parallel ac Networks (Page-461), Methods of Analysis and Selected Topics (ac) (Page-477), Network Theorems (ac) (Page-511), Power (ac) (Page-543), Resonance (Page-567), Polyphase Systems (Page-609), ac Meters (Page-641), Nonsinusoidal Circuits (Page-651), Transformers (Page-671), To-Port Parameters (Page-707), Computer Analysis (Page-729),
650 #0 - SUBJECT ADDED ENTRY--TOPICAL TERM
Topical term or geographic name entry element Telecommunication Engineering
942 ## - ADDED ENTRY ELEMENTS (KOHA)
Source of classification or shelving scheme
Koha item type Book
Holdings
Withdrawn status Lost status Source of classification or shelving scheme Damaged status Not for loan Permanent Location Current Location Shelving location Date acquired Total Checkouts Full call number Barcode Date last seen Date last checked out Price effective from Koha item type Public note
          Military College of Signals (MCS) Military College of Signals (MCS) General Stacks 12/12/2016 1 621.38132,BOY MCS5223 12/23/2024 12/10/2024 12/12/2016 Book Almirah No.32, Shelf No.3
          Military College of Signals (MCS) Military College of Signals (MCS) General Stacks 12/12/2016   621.38132,BOY MCS5224 12/08/2016   12/12/2016 Book Almirah No.32, Shelf No.3
© 2023 Central Library, National University of Sciences and Technology. All Rights Reserved.